000 00538nam a2200181Ia 4500
999 _c14638
_d14638
003 OSt
005 20210121130809.0
008 190216s9999||||xx |||||||||||||| ||und||
020 _a9780143029823
040 _coclc
082 _a824
_bKAL/I
100 _aKalam, A P J Abdul
_92031
245 0 _aIgnited Minds :
_bUnleashing The Power Within India /
_cA P J Abdul Kalam
260 _bPenguin Books,
_c2002.
_aNew Delhi:
300 _a205p
650 _aEnglish-Essays
942 _cBK
_2ddc
_h824
_iKAL/I
_k824
_mKAL/I